MARC

Tag First Indicator Second Indicator Subfields
LEADER 00000cam a22000004a 4500
001 in00001991821
005 20151031112322.0
008 031009s2004 pau b 001 0 eng
010 |a  2003063402 
020 |a 1592132480 (cloth : alk. paper) 
020 |a 1592132499 (pbk. : alk. paper) 
035 |a (OCoLC)ocm53287915 
040 |a DLC  |c DLC  |d NLM  |d TXA  |d UtOrBLW 
042 |a pcc 
043 |a n-us-ny 
049 |a TXAM 
050 0 0 |a RA644.T7  |b D738 2004 
060 0 0 |a 2004 H-721 
060 1 0 |a WF 300  |b D767ca 2004 
082 0 0 |a 362.196/995/009747109049  |2 22 
100 1 |a Draus, Paul Joseph. 
245 1 0 |a Consumed in the city :  |b observing tuberculosis at century's end /  |c Paul Draus. 
264 1 |a Philadelphia :  |b Temple University Press,  |c 2004. 
300 |a xii, 290 pages ;  |c 24 cm. 
336 |a text  |b txt  |2 rdacontent 
337 |a unmediated  |b n  |2 rdamedia 
338 |a volume  |b nc  |2 rdacarrier 
504 |a Includes bibliographical references (pages 273-283) and index. 
650 0 |a Tuberculosis  |z New York  |x Epidemiology. 
650 0 |a Tuberculosis  |z Illinois  |z Chicago  |x Epidemiology. 
650 0 |a Urban health  |z New York. 
650 0 |a Urban health  |z Illinois  |z Chicago. 
650 1 2 |a Tuberculosis, Pulmonary  |x psychology  |z Illinois  |z Chicago  |v Personal Narratives. 
650 2 2 |a Communicable Disease Control  |z Illinois  |z Chicago  |v Personal Narratives. 
650 2 2 |a Social Problems  |x psychology  |z Illinois  |z Chicago  |v Personal Narratives. 
650 2 2 |a Tuberculosis, Pulmonary  |x epidemiology  |z Illinois  |z Chicago  |v Personal Narratives. 
650 2 2 |a Urban Health  |z Illinois  |z Chicago  |v Personal Narratives. 
948 |a cataloged  |b h  |c 2004/11/16  |d c  |e dmitchel  |f 10:10:10 am 
994 |a C0  |b TXA 
999 |a MARS 
999 f f |s 5706076e-d3cf-3218-9802-526cb59d3c8b  |i 7fb93bec-04da-30e5-bccd-d5ef73219bcf  |t 0 
952 f f |p normal  |a Texas A&M University  |b College Station  |c Sterling C. Evans Library  |d Evans: Library Stacks  |t 0  |e RA644.T7 D738 2004  |h Library of Congress classification  |i unmediated -- volume  |m A14831583892 
998 f f |a RA644.T7 D738 2004  |t 0  |l Evans: Library Stacks